000 00415nam a2200121 a 4500
005 20140513081053.0
008 090911s19uu xx 00 eng d
050 _aKit
_bLIT 1980
245 _a3 Mr. Men and little miss /
_cHangreaves, Roger.
260 _aU.S.A :
_bOttenheimer pub,
_c1980.
500 _aStories on LP casette. Titles: Little miss shy, Little miss sunshine, Little miss scatterbrain.
999 _c116402
_d116402